Na vysoké polonině. Pásmo III., Barvínkový věnec /

Další pokračování mohutné epopeje, životního díla pozoruhodného polského autora, sestaveného z příběhů a dalších dokumentů ze zakarpatského Huculska.

Hlavní autor: Vincenz, Stanisław, 1888-1971
Další autoři: Zelinka, David, 1974-
Jazyk: Čeština
Vydáno: [Praha] : Malvern, 2021
Vydání: Vydání první
Témata:
Fyzický popis: 559 stran : ilustrace ; 21 cm
Knihy
Uloženo v:
LEADER 02935nam a2200637 i 4500
001 nkc20223396255
003 CZ PrNK
005 20220606090912.0
007 ta
008 220214s2021 xr a g 000 1dcze
015 |a cnb003396255 
020 |a 978-80-7530-349-3  |q (brožováno) 
035 |a (OCoLC)1329408623 
040 |a ABG001  |b cze  |d ABA001  |e rda 
041 1 |a cze  |h pol 
043 |a e-un--- 
072 7 |a 821.162.1  |x Polská literatura  |2 Konspekt  |9 25 
080 |a 821.162.1-3  |2 MRF 
080 |a (=161.2'282)  |2 MRF 
080 |a 316.356.4  |2 MRF 
080 |a 39  |2 MRF 
080 |a 394  |2 MRF 
080 |a (477)  |2 MRF 
080 |a (0:82-3)  |2 MRF 
100 1 |a Vincenz, Stanisław,  |d 1888-1971  |7 jo2002102395  |4 aut 
240 1 0 |a Barwinkowy wianek.  |l Česky 
245 1 0 |a Na vysoké polonině.  |n Pásmo III.,  |p Barvínkový věnec /  |c Stanisław Vincenz ; z polského originálu Na wysokiej połoninie - Barwinkowy wianek přeložil David Zelinka 
246 3 0 |a Barvínkový věnec 
250 |a Vydání první 
264 1 |a [Praha] :  |b Malvern,  |c 2021 
300 |a 559 stran :  |b ilustrace ;  |c 21 cm 
336 |a text  |b txt  |2 rdacontent 
337 |a bez média  |b n  |2 rdamedia 
338 |a svazek  |b nc  |2 rdacarrier 
500 |a Terminologický slovník 
520 |a Další pokračování mohutné epopeje, životního díla pozoruhodného polského autora, sestaveného z příběhů a dalších dokumentů ze zakarpatského Huculska.  |b V centru stojí Huculové, mnoho prostoru je věnováno všem ostatním v Huculsku usazeným kulturám - arménské, valašské a zejména židovské. Vždyť v jeskyni nad řekou Čeremoš žil Ba'al Šem Tov, zakladatel chasidismu. Jako se v díle mísí kulturní vrstvy, nelze je zařadit ani žánrově: střídají se tu pasáže románové, reportážní, esejistické, forma eposu, lidového vyprávění nebo sympozionu. Nakladatelská anotace. Kráceno. 
650 0 7 |a Huculové  |7 ph314833  |z Ukrajina  |2 czenas 
650 0 7 |a etnické skupiny  |7 ph114489  |z Ukrajina  |2 czenas 
650 0 7 |a lidová kultura  |7 ph122304  |z Ukrajina  |2 czenas 
650 0 7 |a každodenní život  |7 ph121555  |z Ukrajina  |2 czenas 
650 0 9 |a Hutsuls  |z Ukraine  |2 eczenas 
650 0 9 |a ethnic groups  |z Ukraine  |2 eczenas 
650 0 9 |a folk culture  |z Ukraine  |2 eczenas 
650 0 9 |a everyday life  |z Ukraine  |2 eczenas 
651 7 |a Verchovina (Ukrajina : oblast)  |7 ge1032862  |x etnografie  |2 czenas 
651 9 |a Verkhovyne Region (Ukraine)  |x ethnography  |2 eczenas 
655 7 |a polské prózy  |7 fd133083  |2 czenas 
655 9 |a Polish prose  |2 eczenas 
700 1 |a Zelinka, David,  |d 1974-  |7 pna2015860610  |4 trl 
765 1 |t Na wysokiej połoninie  |9 Česky 
787 0 8 |i Z cyklu:  |t Na vysoké polonině  |g 3 
910 2 |a BOA001  |b 2-1476.926,3 
920 |a 4636425  |z ABG001 
990 |a BK 
995 |a 01 
996 6 |b 2610905997  |c 2-1476.926,3  |l MZK  |r Sklad / do 1 hodiny  |n 1  |p p.v.  |w 001889897  |u 000010  |a 1  |e BOA001  |j MZK50  |s P